Koncepcia je ucelený komplex zmien

Bibliographic Details
Main Author: Miššík, Peter, 1958- (Author)
Format: Article
Language:Slovak
PhysicalDescription:Fotogr., obr.
Subjects:

MARC

LEADER 00000nab a2200000 a 4500
001 vtls000728883
003 SK-MaSNL
005 20260302200049.0
008 180205c2000 xo 0 slo
015 |a SNBRB2000/08-22038 
035 |a CLN000081029 
040 |a SNKBUCL  |b slo  |c SNKBUCL  |e AACR2 
041 0 |a slo 
044 |a xo  |c SK 
080 |a 352/354(437.6)  |2 UDC-MRF-SK2 
100 1 |a Miššík, Peter,  |d 1958-  |4 aut  |9 133211 
245 1 0 |a Koncepcia je ucelený komplex zmien  |c Peter Miššík 
300 |b Fotogr., obr. 
650 0 7 |a správa verejná  |z Slovensko  |x decentralizácia  |2 snkbucl  |9 856778 
655 7 |a články z novín a časopisov  |2 snkbucl  |9 267496 
773 0 |t Verejná správa  |g Roč. 55, č. 14 (2000), s. 11 
850 |a Slovenská národná knižnica v Martine 
852 |a SNK  |b KIS3GCP 
958 |a RBX 
999 |c 1455057  |d 1456987